Mastering Microsoft Visual Basic 2005

保存先:
書誌詳細
第一著者:  Petroutsos, Evangelos
フォーマット: Sách
言語:Undetermined
出版事項:  Wiley Pub  2006
主題:
タグ: タグ追加
タグなし, このレコードへの初めてのタグを付けませんか!
Thư viện lưu trữ: Trung tâm Thư viện - Trường Đại học Công nghiệp TP. Hồ Chí Minh
LEADER 00487nam a2200145Ia 4500
001 UIH_07418
008 231011s9999 xx 000 0 und d
100 |a  Petroutsos, Evangelos 
245 0 |a  Mastering Microsoft Visual Basic 2005 
245 0 |c  Petroutsos, Evangelos 
260 |b  Wiley Pub 
260 |c  2006 
650 |a  Ngôn ngữ lập trình máy tính;  
927 |a Sách 
980 |a Trung tâm Thư viện - Trường Đại học Công nghiệp TP. Hồ Chí Minh